Normal view
MARC view
- Mosques
Entry Topical Term
001 - CONTROL NUMBER
- control field: 121556
003 - CONTROL NUMBER IDENTIFIER
- control field: NUST
005 - DATE AND TIME OF LATEST TRANSACTION
- control field: 20240227154948.0
008 - FIXED-LENGTH DATA ELEMENTS
- fixed length control field: 240227|| aca||aabn | a|a d
040 ## - CATALOGING SOURCE
- Original cataloging agency: NUST
- Transcribing agency: NUST
150 ## - HEADING--TOPICAL TERM
- Topical term or geographic name entry element: Mosques
- General subdivision: Conservation and restoration
- Geographic subdivision: Pakistan
- Geographic subdivision: Swāt District
670 ## - SOURCE DATA FOUND
- Source citation: Work cat.: (NUST)0: Cherishing poetry in wood & stone :
